First, Second, Third, or Last? Quiz Stats

Quiz Updated Dec 16, 2017

Challenge
Share
Tweet
Embed
Score 0/40 Timer 05:00
6 Plays Today
Question Answer Wrong Answers
Women and Children _____
Code of conduct for life threatening situations
First
93.4%
Second
0.3%
Third
0.1%
Last
1%
The _____ Supper
Notable New Testament event (or Da Vinci painting)
Last
93.2%
1st
1.1%
2nd
0.4%
3rd
0.2%
_____ Responder
Emergency personnel to come to a disaster
First
93.2%
Second
0.7%
Third
0.3%
Last
0.7%
The _____ Straw
An unacceptable occurrence that provokes a strong reaction
Last
92.6%
First
1.1%
Second
0.7%
Third
0.5%
I _____ That Emotion
1967 Smokey Robinson song
Second
91.6%
First
1.1%
Third
0.5%
Last
1.6%
_____ Hand Smoke
To experience the effects of tobacco despite not actually smoking it oneself
Second
91.2%
First
2.8%
Third
0.4%
Last
0.3%
_____ Rock from the Sun
1996 to 2001 sci-fi sitcom
3rd
90%
1st
1.5%
2nd
1.6%
Last
1.6%
Indiana Jones and the _____ Crusade
1989 Harrison Ford film
Last
89.5%
First
2.6%
Second
1.3%
Third
1.7%
_____ Blood
Sylvester Stallone movie
First
88.7%
Second
2%
Third
0.9%
Last
3.2%
_____ Reich
Term for Nazi Germany
Third
88.5%
First
3.1%
Second
1.9%
Last
1.4%
_____ Vegas
2013 buddy comedy with De Niro, Freeman, Douglas and others
Last
88.4%
First
2.8%
Second
2.1%
Third
1.3%
_____ Wind
Phenomenon in distance running where a runner regains strength
Second
87.9%
First
2.1%
Third
1.6%
Last
3%
_____ Coming
Hypothetical return of Jesus
Second
87.6%
First
3.9%
Third
0.9%
Last
2.7%
Close Encounters of the _____ Kind
Spielberg science fiction classic
Third
87.2%
First
3.1%
Second
2.9%
Last
1.4%
_____ Tango in Paris
1972 erotic Marlon Brando film
Last
85.8%
1st
4.9%
2nd
2.5%
3rd
1.3%
The _____ Cut Is the Deepest
Oft covered Cat Stevens song
First
85%
Second
3.3%
Third
1.1%
Last
5.3%
Star Trek: _____ Contact
1996 Patrick Stewart film
First
84.6%
Second
2.5%
Third
1.5%
Last
6.1%
_____ Week Tonight
John Oliver HBO news comedy
Last
84.3%
First
6.2%
Second
2.4%
Third
1.5%
Suddenly _____ Summer
Tennessee Williams one act play
Last
82.9%
First
1.6%
Second
9.3%
Third
0.8%
_____ Do No Harm
Phrase from the Hippocratic Oath
First
82%
Second
4.8%
Third
2.4%
Last
5.3%
_____ Among Equals
Honorary title for those given more respect
First
82%
Second
5.9%
Third
0.9%
Last
5.9%
_____ Eye Blind
'Semi-Charmed Life' band
Third
81.2%
First
3.9%
Second
8.1%
Last
1.5%
_____ Christmas
Classic Wham! holiday song
Last
80.9%
First
12.9%
Second
0.8%
Third
0.3%
_____ Helping
Lynyrd Skynyrd album with 'Sweet Home Alabama'
Second
80.5%
First
5.8%
Third
4.1%
Last
4.1%
_____ Banana
The lesser part of a comedy duo
Second
79.5%
First
4.3%
Third
5.3%
Last
5.3%
The _____ Picture Show
1971 Jeff Bridges drama
Last
79.5%
First
8.9%
Second
4.2%
Third
2.1%
_____ Time's a Charm
Cliché used to explain success after multiple attempts
Third
78.3%
First
5.7%
Second
8.5%
Last
2.2%
_____ of the Summer Wine
Long running BBC sitcom
Last
78.1%
1st
10.6%
2nd
3.7%
3rd
1.8%
_____ Party
Term in US politics for any minor party
Third
77.8%
First
2.6%
Second
12.6%
Last
1.9%
_____ Sight
Extra-sensory perception
Second
71.3%
First
10.5%
Third
12%
Last
0.9%
_____ Nations
Term for the native population of Canada
First
68.5%
Second
14.9%
Third
9%
Last
2.2%
_____ Past the Post
Common voting system in the US and UK
First
66.7%
Second
14%
Third
4.6%
Last
8.7%
_____ Life
Online virtual world run by Linden Labs
Second
65.9%
First
12.3%
Third
8.1%
Last
8%
_____ World Problems
Minor issues that are complaints due to the absence of major problems
First
65%
Second
1.8%
Third
27.3%
Last
0.8%
The _____ Man
1949 Orson Welles-Joseph Cotten classic
Third
46.7%
First
10.3%
Second
6.6%
Last
30.9%
The _____ Star to the Right
Song from Peter Pan (or part of the route to Neverland)
Second
43.7%
First
18.1%
Third
22.6%
Last
10.2%
_____ Way
Centrist political movement associated with Bill Clinton and Tony Blair
Third
39.5%
First
24.6%
Second
24.3%
Last
5.7%
Blackadder the _____
Blackadder series set during the Regency period
Third
39.3%
First
24.8%
Second
24.2%
Last
6%
The _____ Law
2012 Muse album
2nd
21.2%
1st
31.7%
3rd
28.6%
Last
12.6%
_____ Jersey
Term for any alternate uniform in sports
Third
17.3%
First
3.5%
Second
70.9%
Last
2.9%

You're not logged in!

Compare scores with friends on all Sporcle quizzes.
Sign Up with Email
OR
Log In

You Might Also Like...

Show Comments

Extras

Top Quizzes Today


Score Distribution

Your Account Isn't Verified!

In order to create a playlist on Sporcle, you need to verify the email address you used during registration. Go to your Sporcle Settings to finish the process.

Report this User

Report this user for behavior that violates our Community Guidelines.

Details: